Religions en Israël - Statistiques

Statistiques générales
  • Ce quiz a été pris 443 fois
  • Le résultat moyen est 3 sur 5
Statistiques - réponses
% Religions % Correct
20,1 Islam
98%
74 Judaïsme
98%
2 Christianisme
89%
3,2 Athéisme
43%
1,6 Druzisme
8%
Aucun quiz correspondant
Distribution des résultats
% des personnes avec chaque résultat
Percentile par nombre de réponses
Votre historique - résultats
Vous n’avez pas pris ce quiz